000 00265nam a2200097Ia 4500
008 220204s9999 xx 000 0 und d
082 _a633.5:6(047)
_bCOI
245 0 _aCoir Board: Survey reports on coir industry
260 _aErnakulam
_bCoir Board
_c1968
942 _cBK
999 _c22233
_d22233